Les 20 jeux vidéos les plus vendus de l'histoire - Statistiques

Statistiques générales
  • Ce quiz a été pris 132 fois
  • Le résultat moyen est 4 sur 20
Statistiques - réponses
# Jeux vidéo Année de sortie Exemplaires vendus % Correct
2 Grand Theft Auto V 2013 205 Millions
86%
1 Minecraft 2011 300 Millions
82%
5 Mario Kart 8 / Deluxe 2014 72,73 Millions
33%
19 The Legend of Zelda : Breath of the Wild 2017 33,99 Millions
31%
13 Super Mario Bros. 1985 43,17 Millions
30%
6 Red Dead Redemption II 2018 67 Millions
24%
3 Wii Sports 2006 82,90 Millions
23%
14 Call of Duty : Black Ops III 2015 43 Millions
19%
10 Pokémon Rouge / Bleu / Vert / Jaune 1996 47,19 Millions
17%
15 Call of Duty : Modern Warfare 2019 41 Millions
14%
17 Mario Kart Wii 2008 37,38 Millions
12%
8 The Witcher 3 : Wild Hunt 2015 50 Millions
9%
4 PUBG : Battlegrounds 2017 75 Millions
8%
18 Super Smash Bros. Ultimate 2018 35,14 Millions
8%
11 Animal Crossing : New Horizons 2020 46,45 Millions
5%
20 Wii Sports Resort 2009 33,14 Millions
4%
7 Terraria 2011 60,70 Millions
3%
12 Wii Fit / Plus 2007 43,80 Millions
3%
8 Human: Fall Flat 2016 50 Millions
1%
15 Stardew Valley 2016 41 Millions
1%
Aucun quiz correspondant
Distribution des résultats
% des personnes avec chaque résultat
Percentile par nombre de réponses
Votre historique - résultats
Vous n’avez pas pris ce quiz